Statistics for NFL Top 10 Draft Picks Since 2012

Click here to take the quiz!

General Stats

  • This quiz has been taken 124 times
  • The average score is 28 of 60

Answer Stats

Hint Answer % Correct
QBJameis Winston
90%
DEMyles Garrett
89%
QBJared Goff
89%
QBMitch Trubisky
86%
QBCarson Wentz
85%
QBAndrew Luck
82%
QBMarcus Mariota
82%
QBRobert Griffin III
78%
QBPatrick Mahomes
74%
RBLeonard Fournette
72%
RBEzekiel Elliot
71%
DEJoey Bosa
69%
OTEric Fisher
68%
DEJadeveon Clowney
68%
DESoloman Thomas
67%
SJamal Adams
67%
DELeonard Williams
63%
WRMike Williams
63%
CBJalen Ramsey
61%
WRCorey Davis
60%
QBBlake Bortles
57%
WRJohn Ross
53%
LBKhalil Mack
51%
RBTrent Richardson
51%
WRSammy Watkins
50%
GJonathon Cooper
46%
OTLane Johnson
46%
OTGreg Robinson
46%
WRAmari Cooper
46%
RBTodd Gurley
45%
WRKevin White
43%
WRMike Evans
41%
OTLuke Joeckel
38%
TEEric Ebron
36%
DEDeForest Buckner
34%
CBEli Apple
33%
QBRyan Tannehill
33%
RBChristain McCaffery
32%
LBLuke Kuechly
31%
OLBLeonard FLoyd
30%
OTRonnie Stanley
30%
LBAnthony Barr
29%
OTJack Conklin
29%
DEDion Jordan
28%
OTJake Matthews
27%
OLBDante Fowler Jr.
26%
WRJustin Blackmon
25%
OGEreck Flowers
24%
OTMatt Kalil
23%
CBJustin Gilbert
23%
CBMorris Claiborne
22%
OLBVic Beasley
22%
CBStephon Gilmore
21%
OGBrandon Scherff
19%
SMark Barron
18%
WRTavon Austin
17%
DEEzekiel Ansah
16%
DEBarkevious Mingo
15%
CBDee Milliner
11%
GChance Warmack
9%

Score Distribution

Percentile by Number Answered

Percent of People with Each Score

Your Score History

You have not taken this quiz